000 00683nam a2200241Ia 4500
003 OSt
005 20221007080538.0
006 a|||||r|||| 00| 0
007 ta
008 221006b |||||||| |||| 00| 0 eng d
024 _a530
037 _cReference Collections
040 _aFLL
_cFLL
_beng
041 _2eng
_aeng
082 _aV3:2.M8, H6
100 _aMatiland F. W.
_9695000
245 0 _aConstitutional history of England
260 _aNew Delhi
_bVikas publishing house pvt. ltd.
_c1979
300 _a548p
_ccm.
650 _aConstitutional law
_9681314
942 _hV3:2.M8, H6
_cREF
_2CC
999 _c1160052
_d1160052